LEADER 00852nam0-22002891i-450- 001 990003205040403321 035 $a000320504 035 $aFED01000320504 035 $a(Aleph)000320504FED01 035 $a000320504 100 $a20000920d1990----km-y0itay50------ba 101 0 $aita 102 $aIT 200 1 $aStatistiques relatives aux assurances$eTableaux comparatifs des statistiques relatives aux assurances pour 1987$fOCDE. 210 $aParis$cOCDE$d1990. 215 $a100 p.$d30 cm 610 0 $aAssicurazioni 676 $aJ/3 712 2$aOrganizzazione per la cooperazione e lo sviluppo economico 801 0$aIT$bUNINA$gRICA$2UNIMARC 901 $aBK 912 $a990003205040403321 952 $aJ/3 OCD$b11967$fSES 959 $aSES 996 $aStatistiques relatives aux assurances$9454318 997 $aUNINA DB $aING01 LEADER 01722nas 2200385 n 450 001 990008883950403321 005 20240229084332.0 011 $a0376-1568 035 $a000888395 035 $aFED01000888395 035 $a(Aleph)000888395FED01 035 $a000888395 091 $2CNR$aP 00220769 100 $a20161109b19611965km-y0itaa50------ba 101 0 $amul 102 $aPO 110 $aauu-------- 200 1 $aActa Agraria et Silvestria. Seria Zootechniczna 207 1$a1961-1965 210 $aKraków$cPanstwowe Wydawnictwo Naukowe 326 $aAnnuale 440 0$1001000888396$12001$aActa Agraria et Silvestria. Series Zootechnica 530 0 $aActa Agraria et Silvestria. Seria Zootechniczna 531 $aACTA AGRAR. SILV., SER. ZOOTECH. 675 $a636 801 0$aIT$bACNP$c20090723 859 4 $uhttp://acnp.cib.unibo.it/cgi-ser/start/it/cnr/dc-p1.tcl?catno=2283517&person=false&language=ITALIANO&libr=&libr_th=unina1$zBiblioteche che possiedono il periodico 901 $aSE 912 $a990008883950403321 958 $aBiblioteca del Dipartimento di Entomologia e Zoologia Agraria dell'Universitą degli Studi di Napoli Federico II$b1961-1965.$fDAGEN 959 $aDAGEN 996 $aActa Agraria et Silvestria. Seria Zootechniczna$9802269 997 $aUNINA AP1 8 $6866-01$aNA219 Biblioteca del Dipartimento di Entomologia e Zoologia Agraria dell'Universitą degli Studi di Napoli Federico II$eVia Universitą, 100, 80055 Portici (NA)$m0812539188$m0817755145$nit AP2 40$aacnp.cib.unibo.it$nACNP Italian Union Catalogue of Serials$uhttp://acnp.cib.unibo.it/cgi-ser/start/it/cnr/df-p.tcl?catno=2283517&language=ITALIANO&libr=&person=&B=1&libr_th=unina&proposto=NO